000 01213nam a22002777a 4500
999 _c63603
_d63603
005 20240530110650.0
008 171210s2016 su ahk g b 000 0 ara d
017 _a1436/9131
_bالسعودية . مكتبة الملك فهد الوطنية
020 _a9786039069454
040 _aEG-CaGPL
_cEG-CaGPL
082 0 4 _221
_a371.26 /
_bع ت
100 1 _aعلى احمد سيد مصطفى
245 1 2 _aالتقويم التربوى المتقدم فى ضوء معايير الجودة =
_bAdvanced Educational Evaluation In The Light Of Quality Standards /
_cعلى احمد سيد مصطفى ، فتحى حسن سند
246 1 1 _aAdvanced Educational Evaluation In The Light Of Quality Standards
250 _aط. 1
260 _aالرياض :
_bدار الزهراء ،
_c2016.
300 _a295 ص. :
_bايض ؛
_c24 سم.
504 _aيشتمل على ارجاعات ببليوجرافية
650 0 7 _2qrmak
_aالتعليم
_xطرق القياس
650 0 7 _2qrmak
_aالاختبارات
651 _2qrmak
653 0 _aالتعليم - ضبط الجودة
700 0 _aفتحى حسن سند
_eمؤلف مشارك
942 _2ddc
_cBK